=LDR 00000nam 2200000 4500 =001 INLIS000000000019592 =005 20230320115153 =035 ##$$a 0010-061300000019592 =008 230320################g##########0#ind## =041 ##$$a Ind =082 ##$$a 649.1 =090 ##$$a 649.1, Ler a =100 1#$$a Lermitte, Paul W =245 1#$$a Agar anak pandai mengelola uang : $b Panduan prkatis untuk mengajar anak menanbung, membelanjakan, dan menginvestasikan uangnya dengan benar /$c Paul W. Lermitte ; alih bahasa, Rina Bubtaran =260 ##$$a Jakarta :$b Gramedia Pustaka Utama,$c 2004 =300 ##$$a 270 hlm. : $b Ilus. ; $c 15 x 23 cm =650 #4$$a Anak manajemen =850 ##$$a NBPNMAT =020 ##$$a 979-22-0698 =084 ##$$a 649.1 LER a =990 ##$$a 20608676 =990 ##$$a 00091278 =990 ##$$a 20608676 =990 ##$$a 00091278 =990 ##$$a 20608676 =990 ##$$a 00091278 =990 ##$$a 20608674 =990 ##$$a 20608676